Entrada Personal Name
Número de registros utilizados en: 1
001 - CONTROL NUMBER
- control field: 17772
003 - CONTROL NUMBER IDENTIFIER
- control field: DLC
005 - DATE AND TIME OF LATEST TRANSACTION
- control field: 20251208151735.0
008 - FIXED-LENGTH DATA ELEMENTS
- fixed length control field: 120914n| azannaabn |a aaa
010 ## - LIBRARY OF CONGRESS CONTROL NUMBER
- LC control number: n 2012060435
016 ## - NATIONAL BIBLIOGRAPHIC AGENCY CONTROL NUMBER
- Record control number: 1032L2183E
035 ## - SYSTEM CONTROL NUMBER
- System control number: (OCoLC)oca09302802
040 ## - CATALOGING SOURCE
- Original cataloging agency: DLC
- Language of cataloging: spa
- Description conventions: rda
- Transcribing agency: Mx-PuUPA
- Modifying agency: DLC
- Modifying agency: DLC
- Modifying agency: ICrlF
- Modifying agency: CaOONL
- Modifying agency: GVaS
- Modifying agency: CaOONL
- Modifying agency: ICrlF
- Modifying agency: Mx-PuUPA
042 ## - AUTHENTICATION CODE
- Authentication code: nlc
053 #0 - LC CLASSIFICATION NUMBER
- Classification number element--single number or beginning number of span: PS3618.E5478
100 1# - HEADING--PERSONAL NAME
- Personal name: Reid, Taylor Jenkins,
- Dates associated with a name: 1983-
370 ## - ASSOCIATED PLACE
- Associated country: Estados Unidos
- Place of residence/headquarters: Los Angeles (California)
- Other associated place: Acton (Massachusetts)
- Source of term: naf
372 ## - FIELD OF ACTIVITY
- Field of activity: Novela
- Field of activity: Novela romántica
- Field of activity: Autoría de películas
- Source of term: lcsh
374 ## - OCCUPATION
- Occupation: Autor
- Occupation: Guionista
- Occupation: Escritora
- Occupation: Productora de televisión y guionista estadounidense
- Source of term: lcsh
375 ## - GENDER
- Gender: mujer
377 ## - ASSOCIATED LANGUAGE
- Language code: eng
400 1# - SEE FROM TRACING--PERSONAL NAME
- Personal name: Jenkins Reid, Taylor
- Dates associated with a name: 1983-
670 ## - SOURCE DATA FOUND
- Source citation: Love, interrupted, 2013:
- Information found: ECIP t.p. (Taylor Jenkins Reid)
670 ## - SOURCE DATA FOUND
- Source citation: Maybe in another life, 2015:
- Information found: title page (Taylor Jenkins Reid)
670 ## - SOURCE DATA FOUND
- Source citation: Personal website, July 13, 2015
- Information found: (Taylor Jenkins Reid, author, essayist and TV writer; she lives in Los Angeles; from Acton, Massachusetts)
670 ## - SOURCE DATA FOUND
- Source citation: OCLC, July 13, 2015
- Information found: (Forever, interrupted / Taylor Jenkins Reid)
670 ## - SOURCE DATA FOUND
- Source citation: Malibu rising, 2021:
- Information found: CIP title page (Taylor Jenkins Reid)
670 ## - SOURCE DATA FOUND
- Source citation: Wikipedia, viewed February 26, 2021
- Information found: (Taylor Jenkins Reid; American novelist)
670 ## - SOURCE DATA FOUND
- Source citation: Atmosphere, 2025:
- Information found: CIP title page (Taylor Jenkins Reid) LAC CIP application (Jenkins Reid, Taylor)
670 ## - SOURCE DATA FOUND
- Source citation: Reid, Taylor Jenkins. Daisy Jones & the Six [SR]:
- Information found: cover frame (Taylor Jenkins Reid)